| 000 | 00579nam a2200193 i 4500 | ||
|---|---|---|---|
| 001 | 90873 | ||
| 003 | ES-MaACL | ||
| 005 | 20230906180600.0 | ||
| 007 | t| | ||
| 008 | 050125s1975 sp ||||1| spa d | ||
| 100 | 1 |
_aLejeune, Jerôme. _971423 |
|
| 245 | 1 | 3 |
_aEl comienzo del ser humano / _cpor Jerôme Lejeune. |
| 260 |
_aLa Coruña : _bTip. El Ideal Gallego, _c1975. |
||
| 300 |
_a14 p. ; _c24 cm. |
||
| 490 | 1 | _aPublicaciones de Galicia Clínica | |
| 830 | 0 |
_aPublicaciones de Galicia Clínica _9186488 |
|
| 852 |
_aES-MaACL _j2133-F-30 _bR.106771 |
||
| 999 |
_c90873 _d90873 |
||